| 000 | 01746nam a2200457 a 4500 | ||
|---|---|---|---|
| 001 | ebr10470262 | ||
| 003 | CaPaEBR | ||
| 006 | m u | ||
| 007 | cr cn||||||||| | ||
| 008 | 071121s2007 nyua sb 000 0 eng d | ||
| 010 | _z 2007281628 | ||
| 020 | _z9781568986982 | ||
| 020 | _z156898698X | ||
| 040 |
_aCaPaEBR _cCaPaEBR |
||
| 035 | _a(OCoLC)769114397 | ||
| 050 | 1 | 4 |
_aZ253.5 _b.M2625 2007eb |
| 245 | 0 | 0 |
_aMaking magazines _h[electronic resource]. |
| 246 | 1 |
_iAt head of title: _aFresh dialogue seven / new voices in graphic design |
|
| 246 | 3 | 0 | _aFresh dialogue seven |
| 246 | 3 | 0 | _aNew voices in graphic design |
| 246 | 1 | 8 |
_aFresh dialogue seven : _bnew voices in graphic design |
| 246 | 3 | _aFresh dialogue 7 | |
| 250 | _a1st ed. | ||
| 260 |
_aNew York : _bPrinceton Architectural Press : _bAmerican Institute of Graphic Arts New York Chapter, _c2007. |
||
| 300 |
_a127 p. : _bcol. ill. |
||
| 500 | _aContributors: Lisa Farjam, David Haskell, Tod Lippy. Moderator: James Truman. | ||
| 504 | _aIncludes bibliographical references. | ||
| 533 |
_aElectronic reproduction. _bPalo Alto, Calif. : _cebrary, _d2013. _nAvailable via World Wide Web. _nAccess may be limited to ebrary affiliated libraries. |
||
| 650 | 0 | _aMagazine design. | |
| 650 | 0 | _aGraphic arts. | |
| 650 | 0 |
_aDesigners _vInterviews. |
|
| 650 | 0 |
_aPeriodicals _xPublishing. |
|
| 655 | 7 |
_aElectronic books. _2local |
|
| 700 | 1 | _aFarjam, Lisa. | |
| 700 | 1 | _aHaskell, David. | |
| 700 | 1 | _aLippy, Tod. | |
| 700 | 1 | _aTruman, James. | |
| 710 | 2 | _aAmerican Institute of Graphic Arts. | |
| 710 | 2 | _aebrary, Inc. | |
| 856 | 4 | 0 |
_uhttp://site.ebrary.com/lib/rucke/Doc?id=10470262 _zAn electronic book accessible through the World Wide Web; click to view |
| 999 |
_c114300 _d114300 |
||